A TB OF PHARMACOGNOSY (Record no. 7124)

MARC details
000 -LEADER
fixed length control field 00254nam a2200121Ia 4500
082 ## - DEWEY DECIMAL CLASSIFICATION NUMBER
Classification number 615.34
Item number P14Q
100 ## - MAIN ENTRY--PERSONAL NAME
Personal name QADRY, J.S.
245 #2 - TITLE STATEMENT
Title A TB OF PHARMACOGNOSY
260 ## - PUBLICATION, DISTRIBUTION, ETC. (IMPRINT)
Name of publisher, distributor, etc CBS- DELHI
300 ## - PAGE DESCRIPTION
No. of Pages 406
650 ## - SUBJECT ADDED ENTRY--TOPICAL TERM
Topical term or geographic name as entry element PHARMACOGNOSY
942 ## - ADDED ENTRY ELEMENTS (KOHA)
Source of classification or shelving scheme Dewey Decimal Classification
Koha item type Books
942 ## - ADDED ENTRY ELEMENTS (KOHA)
-- 11
Holdings
Withdrawn status Lost status Source of classification or shelving scheme Damaged status Not for loan Collection code Home library Current library Date acquired Vendor Name Cost, normal purchase price SGTU Bill Number Total Checkouts Full call number Accession No. (Barcode) Date last seen Date last borrowed Bill Date Koha item type Shelving location
    Dewey Decimal Classification     PHARMACY SGT FA-FP Library SGT FA-FP Library 02/07/2015 ABC DELHI 275.00 SGTU 492 19 615.34 P14Q FP466 04/06/2022 28/04/2022 24/11/2014 Books  
    Dewey Decimal Classification     PHARMACY SGT FA-FP Library SGT FA-FP Library 02/07/2015 ABC DELHI 275.00 SGTU 492 8 615.34 P14Q FP467 16/05/2016 06/05/2016 24/11/2014 Books Reference Book
    Dewey Decimal Classification     PHARMACY SGT FA-FP Library SGT FA-FP Library 02/07/2015 ABC DELHI 275.00 SGTU 492 19 615.34 P14Q FP468 30/05/2023 29/05/2023 24/11/2014 Books  
    Dewey Decimal Classification     PHARMACY SGT FA-FP Library SGT FA-FP Library 02/07/2015 ABC DELHI 275.00 SGTU 492 22 615.34 P14Q FP469 22/07/2024 22/07/2024 24/11/2014 Books  
    Dewey Decimal Classification     PHARMACY SGT FA-FP Library SGT FA-FP Library 02/07/2015 ABC DELHI 275.00 SGTU 492 17 615.34 P14Q FP470 28/08/2023 25/08/2023 24/11/2014 Books